000 00592nam a22001697a 4500
003 UA-OsUOA
001 17695
007 ta
008 20040322b un ||||| |||| 00| 0 ukr d
942 _cSA
040 _aUA-OsUOA
_cUA-OsUOA
_dUA-OsUOA
245 _aАналіз виконання програми економічного та соціального розвитку [Рокитнів.] району за 2003 рік
300 _aС.1, 4
955 _a0
773 0 _w0
_tРокитнівщина
_dРокитне
_d2004
_g№15/21 лют./
650 7 _aКраєзнавча робота
_2UDC
999 _c303863
_d303863